| 000 | 00670cam a2200193 4500 | ||
|---|---|---|---|
| 005 | 20250702135727.0 | ||
| 008 | 030905s2002 ag 000 0 spa u | ||
| 020 | _a9507273646 | ||
| 050 | 0 | 4 |
_aKHA2709 _bG69 2002 |
| 100 | 1 | _aGozaíni, Osvaldo Alfredo. | |
| 245 | 1 | 0 |
_aDerecho procesal constitucional _b : amparo : doctrina y jurisprudencia _c / Osvaldo Alfredo Gozaíni. |
| 250 | _a1a ed. | ||
| 260 |
_aBuenos Aires : _bRubinzal-Culzoni Editores, _c2002 |
||
| 300 |
_a527 p. ; _c23cm. |
||
| 504 | _aBibliografías : p. 513-515 | ||
| 650 | 7 |
_2lemb _aRecurso de amparo _zArgentina |
|
| 650 | 7 |
_2lemb _aTribunales constitucionales _zArgentina |
|
| 942 |
_2lcc _cLIB |
||
| 999 |
_c133775 _d133775 |
||